Presidents of Argentina - Statistics

General Stats
  • This quiz has been taken 22 times
  • The average score is 33 of 60
Answer Stats
Years in office Name % Correct
2007 - 2015 Cristina Fernández de Kirchner
83%
2023 - Javier Milei
83%
1946 - 1955 Juan Domingo Perón
83%
1973 - 1974 Juan Domingo Perón
83%
1854 - 1860 Justo José de Urquiza
83%
1974 - 1976 María Estela Martínez de Perón
83%
2003 - 2007 Néstor Kirchner
83%
2019 - 2023 Alberto Fernández
75%
1989 - 1999 Carlos Saúl Menem
75%
1999 - 2001 Fernando de la Rúa
75%
1976 - 1981 Jorge Rafael Videla
75%
2015 - 2019 Mauricio Macri
75%
1983 - 1989 Raúl Ricardo Alfonsín
75%
2001 Adolfo Rodríguez Saá
67%
1862 - 1868 Bartolomé Mitre
67%
1826 - 1827 Bernardino Rivadavia
67%
1916 - 1922 Hipólito Yrigoyen
67%
1928 - 1930 Hipólito Yrigoyen
67%
1958 - 1962 Arturo Frondizi
58%
1868 - 1874 Domingo Faustino Sarmiento
58%
2002 - 2003 Eduardo Duhalde
58%
1895 - 1898 José Evaristo Uriburu
58%
1930 - 1932 José Félix Uriburu
58%
1892 - 1895 Luis Sáenz Peña
58%
1904 - 1906 Manuel Quintana
58%
1910 - 1914 Roque Sáenz Peña
58%
1860 - 1861 Santiago Derqui
58%
1932 - 1938 Agustín Pedro Justo
50%
1971 - 1973 Alejandro Agustín Lanusse
50%
1963 - 1966 Arturo Umberto Illia
50%
1955 Eduardo Lonardi
50%
1973 Héctor José Cámpora
50%
1962 - 1963 José María Guido
50%
1966 - 1970 Juan Carlos Onganía
50%
1880 - 1896 Julio Argentino Roca
50%
1898 - 1904 Julio Argentino Roca
50%
1922 - 1928 Marcelo Torcuato de Alvear
50%
1874 - 1880 Nicolás Avellaneda
50%
1955 - 1958 Pedro Eugenio Aramburu
50%
1943 - 1944 Pedro Pablo Ramírez
50%
2001 Ramón Puerta
50%
1942 - 1943 Ramón S. Castillo
50%
1973 Raúl Lastiri
50%
1982 - 1983 Reynaldo Bignone
50%
1981 Roberto Eduardo Viola
50%
1970 - 1971 Roberto Marcelo Levingston
50%
1890 - 1892 Carlos Pellegrini
42%
1944 - 1946 Edelmiro Farrell
42%
2001 - 2002 Eduardo Camaño
42%
1981 - 1982 Leopoldo Galtieri
42%
1886 - 1890 Miguel Juárez Celman
42%
1914 - 1916 Victorino de la Plaza
42%
1982 Alfredo Oscar Saint-Jean
33%
1943 Arturo Rawson
33%
1906 - 1910 José Figueroa Alcorta
33%
1861 Juan Esteban Pedernera
33%
1938 - 1942 Roberto Marcelino Ortiz
33%
1827 Vicente López y Planes
33%
1981 Carlos Alberto Lacoste
25%
1981 Horacio Tomás Liendo
25%
No matching quizzes found
Score Distribution
Percent of People with Each Score
Percentile by Number Answered
Your Score History
You have not taken this quiz